000 00884cas a22002415a 4500
001 L139671
008 070803d19021958xxkmr p 0 a0eng u
035 _a(Sirsi) u139671
041 0 _aeng
110 2 _aLand Agents' Society
245 0 4 _aThe Journal of the Land Agents' Society
260 _aLondon
_bLand Agents' Society
_c1902-1958
362 0 _aLondon: 1(1) April 1902-57(12) December 1958
362 0 _aLondon: 2(1) January 1903-57(12) December 1958
362 0 _aLondon: 18(1)January 1919-57(12) December 1958 (incomplete holdings)
362 0 _aEdinburgh: 1(1) April 1902- 57(12) December 1958
520 _aLibrary also holds cumulative indexes to vols. 1-10; 11-23; and 24-34.
554 _a12 per year
651 4 _aUnited Kingdom
_y
690 _aENVIRONMENTAL AND LAND CONSULTANCY
785 0 0 _tJournal of the Chartered Land Agents' Society
942 _n0
999 _c119109
_d119109